Visualizzazione normale
Vista MARC
- Biblia. N.T.
di Uniform Title
Records bibliografici associati: 1
001 - CONTROL NUMBER
- control field: 57541
003 - CONTROL NUMBER IDENTIFIER
- control field:
005 - DATE AND TIME OF LATEST TRANSACTION
- control field: 20181123144721.0
008 - FIXED-LENGTH DATA ELEMENTS
- fixed length control field: 181123|| aca||aabn | a|a d
040 ## - CATALOGING SOURCE
- Original cataloging agency:
- Transcribing agency:
130 ## - HEADING--UNIFORM TITLE
- Uniform title: Biblia. N.T.
- Title of a work: Epistolae s. Pauli
670 ## - SOURCE DATA FOUND
- Source citation: Work cat.: ()357749: Casalini, Nello, autore. 56748, Paolo di Tarso e la sua scuola :